[Event "Challenge"]
[Site "http://www.queenalice.com/game.php?id=305217"]
[Date "2007.11.16"]
[Round "-"]
[White "AMiller2"]
[Black "theblackfox"]
[Result "0-1"]
[WhiteElo "1356"]
[BlackElo "1664"]

1. e4 e5 2. Qh5 Nc6 3. d3 Nf6 4. Qf5 d5 5. Qg5 h6 6. Qg3 Nb4 7. Na3 d4 8. Qxe5+
Be6 9. Nf3 Nxa2 10. Nb5 Bd6 0-1

[Event "Challenge"]
[Site "http://www.queenalice.com/game.php?id=305238"]
[Date "2007.11.16"]
[Round "-"]
[White "theblackfox"]
[Black "AMiller2"]
[Result "1-0"]
[WhiteElo "1668"]
[BlackElo "1352"]

1. e4 d5 2. Nc3 dxe4 3. Nxe4 g6 4. d4 Bg7 5. Nf3 Nf6 6. Nxf6+ Bxf6 7. Bc4 Bg4 8.
O-O Nc6 9. d5 Nb4 10. h3 Bh5 11. g4 1-0

[Event "Iniciante..."]
[Site "http://www.queenalice.com/game.php?id=311406"]
[Date "2007.11.28"]
[Round "-"]
[White "AMiller2"]
[Black "fferraz"]
[Result "1-0"]
[WhiteElo "1321"]
[BlackElo "1289"]

1. e4 e5 2. Qh5 Nf6 3. Qxe5+ Qe7 4. Qc3 Qxe4+ 5. Ne2 d5 6. Qxc7 Bg4 7. Nc3 Qc4
8. Qe5+ Be7 9. Ng3 Nc6 10. Qc7 Qc5 11. Bb5 Qd6 12. Qxb7 Rb8 13. Bxc6+ Kd8 14.
Nb5 Rxb7 15. Nxd6 Bxd6 16. Bxb7 Re8+ 17. Kf1 Bc5 18. Ba6 d4 19. a3 d3 20. cxd3
Be2+ 21. Nxe2 Ng4 22. b4 Bd4 23. Nxd4 g5 24. Nc6+ Kc7 25. Nxa7 Ra8 26. Nb5+ Kb8
27. Nd6 Rxa6 28. Nxf7 Rf6 29. Nxg5 h6 30. Bb2 Rxf2+ 31. Ke1 hxg5 32. Rf1 Rxg2
33. Rf7 Rg1+ 34. Ke2 Rg2+ 35. Kf1 Rxd2 36. Re1 Nxh2+ 37. Kg1 Rxb2 38. Re8# 1-0

[Event "Revanche...."]
[Site "http://www.queenalice.com/game.php?id=319222"]
[Date "2007.12.12"]
[Round "-"]
[White "AMiller2"]
[Black "fferraz"]
[Result "1-0"]
[WhiteElo "1329"]
[BlackElo "1333"]

1. e4 Nf6 2. e5 Ne4 3. Qe2 d5 4. d3 Ng5 5. Bxg5 f6 6. Bh4 c5 7. exf6 gxf6 8.
Bxf6 Qa5+ 9. Nc3 d4 10. b3 Qxc3+ 11. Qd2 Qxa1+ 12. Qd1 Qxa2 13. Bxh8 Nc6 14.
Qh5+ Kd8 15. Qxh7 Nb4 16. g3 Nxc2+ 17. Ke2 Bg4+ 18. f3 Bf5 19. Qxf5 Qb1 20. Kd2
Bh6+ 21. f4 Qe1+ 22. Kxc2 Qxf1 23. Qxc5 Qf2+ 24. Kb1 Rc8 25. Nh3 Qd2 26. Qxd4+
Ke8 27. Qe4 Qc2+ 28. Ka1 Rc5 29. b4 Rc3 30. Bxc3 Qxc3+ 31. Ka2 Bg7 32. d4 Bxd4
33. Rb1 Qc2+ 34. Qxc2 b6 35. Re1 a5 36. Qc7 e5 37. bxa5 bxa5 38. Qxa5 Ke7 39.
fxe5 1-0

[Event "Challenge"]
[Site "http://www.queenalice.com/game.php?id=352770"]
[Date "2008.2.11"]
[Round "-"]
[White "AMiller2"]
[Black "pabloitu"]
[Result "1-0"]
[WhiteElo "1331"]
[BlackElo "1360"]

1. e4 Nf6 2. Bc4 e6 3. Nf3 Nxe4 4. Ne5 Qf6 5. Ng4 Qf4 6. O-O Bd6 7. d3 Qf5 8.
dxe4 Qh5 9. f3 f5 10. exf5 exf5 11. Re1+ Kf8 12. h3 fxg4 13. fxg4 Qc5+ 14. Be3
Qxc4 15. Rf1+ Ke7 16. Bg5+ Ke6 17. Nd2 Qd4+ 18. Rf2 Rf8 19. Qe1+ Kd5 20. c4+ Kc5
21. Nb3+ Kxc4 22. Nxd4 Kxd4 23. Rd2+ Kc4 24. Qe4+ Kc5 25. Rc1+ Kb6 26. Qe3+ c5
27. Rxd6+ Nc6 28. Qxc5+ Kc7 29. Bf4 Rxf4 30. Rcd1 b6 31. Qg5 Rc4 32. Qxg7 Nd4
33. b3 Kxd6 34. bxc4 Kc6 35. Qxd4 Kc7 36. Qd5 Kb8 37. Rf1 Bb7 38. Qxd7 a5 39.
Rf7 b5 40. Qxb7# 1-0

[Event "FomeZero-2"]
[Site "http://www.queenalice.com/game.php?id=381897"]
[Date "2008.4.4"]
[Round "-"]
[White "pabloitu"]
[Black "AMiller2"]
[Result "0-1"]
[WhiteElo "1368"]
[BlackElo "1324"]

1. e4 e5 2. Qf3 Nh6 3. Nh3 Bc5 4. Ng5 O-O 5. Bc4 Qxg5 6. Nc3 Nc6 7. Nd5 Nd4 8.
Qd3 Bb6 9. c3 Ne6 10. h4 Nf4 11. hxg5 Nxd3+ 12. Bxd3 Ng4 13. f3 Nf2 14. Rf1
Nxd3+ 15. Kd1 Nf4 16. d4 d6 17. dxe5 dxe5 18. g3 Nh3 19. f4 Bg4+ 20. Kd2 exf4
21. gxf4 Rad8 22. Kc2 Rfe8 23. g6 Rxe4 24. gxf7+ Kxf7 25. c4 Rxc4+ 26. Kb3 Be2
27. Re1 Re4 28. Ne3 Ng1 29. Rxg1 Bxe3 30. a3 Bxg1 31. Ka2 Bc4+ 32. Kb1 Rd1 33.
Kc2 Rf1 34. Kb1 Bb3 35. a4 Be3 36. Ra3 Rxc1# 0-1

[Event "Challenge"]
[Site "http://www.queenalice.com/game.php?id=382274"]
[Date "2008.4.4"]
[Round "-"]
[White "clodoaldopaiva"]
[Black "AMiller2"]
[Result "1-0"]
[WhiteElo "1410"]
[BlackElo "1348"]

1. e4 Nf6 2. e5 Nd5 3. c4 Nb4 4. a3 N4c6 5. d4 e6 6. Qd2 Be7 7. b4 O-O 8. b5
Nxe5 9. dxe5 d6 10. exd6 Bxd6 11. f4 Qf6 12. Bb2 Qf5 13. Qd4 Bc5 14. Qxg7# 1-0

[Event "Challenge"]
[Site "http://www.queenalice.com/game.php?id=384099"]
[Date "2008.4.8"]
[Round "-"]
[White "clodoaldopaiva"]
[Black "AMiller2"]
[Result "1-0"]
[WhiteElo "1489"]
[BlackElo "1334"]

1. e4 Nf6 2. e5 Ne4 3. d3 Nc5 4. d4 Ne4 5. Bd3 f5 6. f3 d5 7. fxe4 fxe4 8. Be2
Nc6 9. c4 Nxd4 10. Qxd4 c6 11. cxd5 Qxd5 12. Qf2 Qxe5 13. Bc4 Be6 14. Bxe6 Qxe6
15. Nc3 Qc4 16. Nge2 e5 17. b3 Qd3 18. Bb2 Bb4 19. O-O O-O-O 20. Qxa7 Qc2 21. a3
Bxc3 22. Bxc3 Qxe2 23. Bxe5 Rd2 24. Qb8+ Kd7 25. Qc7+ Ke8 26. Qc8+ Ke7 27. Qxb7+
Ke6 28. Qxg7 Qe3+ 29. Kh1 Qe2 30. Bc3 Rc2 31. Rad1 Rb8 32. Qe5# 1-0

[Event "Challenge"]
[Site "http://www.queenalice.com/game.php?id=392101"]
[Date "2008.4.23"]
[Round "-"]
[White "clodoaldopaiva"]
[Black "AMiller2"]
[Result "0-1"]
[WhiteElo "1497"]
[BlackElo "1342"]

1. e4 e5 2. d4 Bb4+ 3. c3 Ba5 4. b4 Bb6 5. a4 Nc6 6. Nf3 Nf6 7. Bd3 O-O 8. Bc4
Nxe4 9. a5 Bxa5 10. bxa5 Nxa5 11. Bd5 c6 12. Bxe4 Nc4 13. d5 Nd6 14. Nxe5 Nxe4
15. Qf3 Nc5 16. Qg3 d6 17. Bh6 Qf6 18. Ng4 Bxg4 19. Qxg4 Rfe8+ 20. Kd1 Qxh6 21.
dxc6 Ne4 22. Qf3 Rac8 23. cxb7 Rxc3 24. Nxc3 Qd2# 0-1

[Event "Challenge"]
[Site "http://www.queenalice.com/game.php?id=400107"]
[Date "2008.5.8"]
[Round "-"]
[White "clodoaldopaiva"]
[Black "AMiller2"]
[Result "1-0"]
[WhiteElo "1539"]
[BlackElo "1364"]

1. Nf3 e6 2. e4 Bc5 3. d4 Bb4+ 4. c3 Ba5 5. e5 Ne7 6. b4 Bb6 7. a4 O-O 8. Ng5
Nd5 9. Qc2 g6 10. Qd2 d6 11. Nxh7 Qh4 12. Nxf8 Kxf8 13. g3 Qe4+ 14. Be2 Qxh1+
15. Bf1 Qxh2 16. a5 dxe5 17. axb6 Nxb6 18. dxe5 Bd7 19. Ba3 Nc6 20. b5+ Ke8 21.
bxc6 Bxc6 22. Bc5 Qh1 23. Na3 Bg2 24. O-O-O Na4 25. Bb5+ c6 26. Qd7# 1-0

[Event "Fala, rato do MOHA!!!"]
[Site "http://www.queenalice.com/game.php?id=400331"]
[Date "2008.5.9"]
[Round "-"]
[White "AMiller2"]
[Black "Johansen"]
[Result "0-1"]
[WhiteElo "1345"]
[BlackElo "1392"]

1. e4 e5 2. Bc4 Nh6 3. Qh5 g6 4. Qxe5+ Qe7 5. Qxh8 Qxe4+ 6. Kd1 Qxg2 7. d3 Qxh1
8. Bxh6 Qxg1+ 9. Kd2 Qxf2+ 10. Kc3 Qc5 11. Qxh7 d5 12. Na3 dxc4 13. Re1+ Be6 14.
Qh8 cxd3+ 15. Kxd3 Qd5+ 16. Kc3 Qf3+ 17. Kd2 Nd7 18. Nb5 Qf2+ 19. Kd1 O-O-O 20.
Qd4 Qxd4+ 21. Nxd4 Bxh6 22. Nb5 Nc5+ 23. Ke2 Bc4+ 24. Kf3 Kb8 25. Nc3 Bd5+ 26.
Kf2 Bg5 27. Re5 Ne4+ 28. Nxe4 Bxe4 29. Rxe4 Rd2+ 30. Kg3 b6 31. Kg4 f5+ 32. Kxg5
fxe4 33. Kxg6 Rxh2 34. c4 Rxb2 35. a4 e3 36. Kf6 e2 37. Ke6 e1=Q+ 38. Kd5 Rd2+
39. Kc6 Qe8# 0-1

[Event "Qto ta?"]
[Site "http://www.queenalice.com/game.php?id=400420"]
[Date "2008.5.9"]
[Round "-"]
[White "AMiller2"]
[Black "pabloitu"]
[Result "1-0"]
[WhiteElo "1331"]
[BlackElo "1353"]

1. e4 e5 2. Qh5 Qf6 3. Nc3 Bc5 4. Nh3 g6 5. Nd5 gxh5 6. Nxf6+ Nxf6 7. Bc4 Nxe4
8. O-O d6 9. d3 Rg8 10. Bd5 Bxh3 11. Bxe4 Nc6 12. Bd2 Nd4 13. b4 d5 14. Bxd5 Rd8
15. c3 Nc2 16. Bxb7 Rb8 17. Bc6+ Kf8 18. bxc5 Rd8 19. f4 Rxg2+ 20. Bxg2 Rxd3 21.
Rab1 Bg4 22. fxe5 Rxd2 23. h3 Be2 24. Rb8+ Kg7 25. Rf2 Rd1+ 26. Kh2 Rd3 27. Rxe2
Rxc3 28. Rb2 Nd4 29. Red2 Nf3+ 30. Bxf3 Rxf3 31. Rd7 Rf5 32. e6 Kf8 33. Rb8+ Kg7
34. e7 Rxc5 35. e8=Q a5 36. Qxf7+ Kh6 37. Qg7# 1-0

[Event "Challenge"]
[Site "http://www.queenalice.com/game.php?id=407424"]
[Date "2008.5.24"]
[Round "-"]
[White "clodoaldopaiva"]
[Black "AMiller2"]
[Result "1-0"]
[WhiteElo "1514"]
[BlackElo "1355"]

1. e4 Nc6 2. d4 Nf6 3. e5 Nd5 4. c4 Ndb4 5. d5 Nxe5 6. Nf3 d6 7. a3 Bg4 8. axb4
Qd7 9. Be2 Qf5 10. Nh4 Qe4 11. f3 Bxf3 12. Nxf3 Nxf3+ 13. gxf3 Qh4+ 14. Kf1
O-O-O 15. Be3 g5 16. Qd4 Bh6 17. Qxa7 Qh3+ 18. Ke1 g4 19. fxg4 Bxe3 20. Qa8+ Kd7
21. Qxb7 Qg2 22. Qb5+ Kc8 23. Ra8# 1-0

[Event "Vem-quente!"]
[Site "http://www.queenalice.com/game.php?id=427092"]
[Date "2008.7.4"]
[Round "-"]
[White "AMiller2"]
[Black "clodoaldopaiva"]
[Result "1-0"]
[WhiteElo "1351"]
[BlackElo "1625"]

1. e4 e5 2. Nf3 Nf6 3. Nc3 Bc5 4. Nxe5 d6 5. Nf3 Qe7 6. Bc4 Nxe4 7. Nd5 Qd7 8.
Qe2 Qf5 9. Nxc7+ Kd8 10. Nxa8 Re8 11. Bd3 Bxf2+ 12. Kf1 Qc5 13. Bxe4 Bf5 14.
Qxf2 Bxe4 15. d4 Qc6 16. Nh4 b6 17. Bf4 Qc4+ 18. Kg1 Bxa8 19. Nf5 Be4 20. Nxd6
Qd5 21. Re1 Nc6 22. Nb7+ Kd7 23. Bg3 Nxd4 24. Qf4 Nf5 25. Qg4 Qxb7 26. Rd1+ Kc8
27. Kf2 Bxc2 28. Qc4+ 1-0

[Event "Challenge"]
[Site "http://www.queenalice.com/game.php?id=427169"]
[Date "2008.7.4"]
[Round "-"]
[White "WANDER_AINSF"]
[Black "AMiller2"]
[Result "0-1"]
[WhiteElo "1017"]
[BlackElo "1348"]

1. d4 Nf6 2. Nf3 d5 3. e3 Bg4 4. Be2 e6 5. h3 Bh5 6. g4 Nc6 7. gxh5 Ne4 8. Rh2
Bd6 9. Rg2 Qf6 10. Qd3 O-O-O 11. Rg4 Nb4 12. Qa3 Nxc2+ 0-1

[Event "Challenge"]
[Site "http://www.queenalice.com/game.php?id=430605"]
[Date "2008.7.9"]
[Round "-"]
[White "Johansen"]
[Black "AMiller2"]
[Result "0-1"]
[WhiteElo "1424"]
[BlackElo "1378"]

1. e4 e5 2. d3 Bc5 3. f3 Ne7 4. a3 O-O 5. b4 Bd4 6. c3 Nbc6 7. cxd4 Nxd4 8. Nc3
Nec6 9. Nd5 a5 10. h4 axb4 11. Bg5 f6 12. Bxf6 gxf6 13. axb4 Rxa1 14. Qxa1 Nc2+
15. Kf2 Nxa1 16. b5 Nd4 17. g4 c6 0-1

[Event "Challenge"]
[Site "http://www.queenalice.com/game.php?id=454451"]
[Date "2008.8.27"]
[Round "-"]
[White "clodoaldopaiva"]
[Black "AMiller2"]
[Result "0-1"]
[WhiteElo "1564"]
[BlackElo "1396"]

1. e4 e5 2. d4 Nc6 3. d5 Na5 4. b4 Bxb4+ 5. c3 Bc5 6. Nf3 d6 7. Qa4+ c6 8. Nbd2
Nf6 9. Nc4 O-O 10. Nxa5 Nxe4 11. dxc6 Nxc3 12. cxb7 Nxa4 13. bxa8=Q Qxa5+ 14.
Bd2 Qb6 15. Kd1 Bb7 16. Ba5 Qb2 17. Qxf8+ Kxf8 18. Rc1 Ba3 19. Bd2 Qxa2 20. Bc4
Nc3+ 21. Bxc3 Qxc4 22. Nd2 Qd3 23. Rb1 Bxg2 24. Rb8+ Ke7 25. Rb3 Bf3+ 0-1

[Event "Challenge"]
[Site "http://www.queenalice.com/game.php?id=462464"]
[Date "2008.9.13"]
[Round "-"]
[White "clodoaldopaiva"]
[Black "AMiller2"]
[Result "1-0"]
[WhiteElo "1526"]
[BlackElo "1419"]

1. d4 Nf6 2. Nc3 e6 3. a3 Bd6 4. Nb5 Ne4 5. Nh3 O-O 6. Qd3 f5 7. d5 Bc5 8. Bf4
d6 9. b4 a6 10. Bg5 Nxg5 11. bxc5 axb5 12. Qxb5 Bd7 13. Qxb7 Na6 14. e3 Nxc5 15.
Qb4 exd5 16. Nxg5 Qxg5 17. h4 Qh5 18. Be2 Qh6 19. Qd2 Qf6 20. O-O Qxh4 21. Qxd5+
Ne6 22. Bf3 Qa4 23. c4 Ra5 24. Qd3 Nc5 25. Qd5+ Ne6 26. Bd1 Bc6 27. Qxe6+ Rf7
28. Bxa4 Bd7 29. Bxd7 Re5 30. Qxe5 dxe5 31. Be6 g5 32. Bxf7+ Kxf7 33. a4 f4 34.
a5 h5 35. a6 h4 36. a7 g4 37. a8=Q fxe3 38. fxe3+ Ke6 39. Ra6+ 1-0